| 000 | 00458nam a2200157 a 4500 | ||
|---|---|---|---|
| 005 | 20140412111323.0 | ||
| 008 | 000904s19uu xx 00 eng d | ||
| 020 | _a0-7172-8162-0 | ||
| 050 |
_aREF 030 _bD612 1981 |
||
| 245 | _aDisney's my first encyclopedia, vol.2. | ||
| 260 |
_aDanbury, Connecticut : _bGrolier Enterprises, Inc, _c1981. |
||
| 300 | _a46 p. ; ill. | ||
| 440 | _aDisney's | ||
| 650 | _aEncyclopedia-juvnenile literature | ||
| 999 |
_c104476 _d104476 |
||